[Event "GER-ch NSV Online 1st"]
[White "Dralle, Hannes"]
[Black "Schaper, Katharina"]
[Site "Playchess.com INT"]
[Round "7"]
[Result "1-0"]
[Date "2020.04.26"]
[WhiteElo "1732"]
[BlackElo "1545"]
[PlyCount "59"]
[EventDate "2020.04.26"]
[EventType "swiss (blitz)"]
[EventRounds "13"]
[EventCountry "GER"]
[SourceTitle "CBM 196 Extra"]
[Source "ChessBase"]
[SourceDate "2020.07.31"]
[SourceVersion "1"]
[SourceVersionDate "2020.07.31"]
[SourceQuality "1"]

1. e4 c5 2. Nf3 d6 3. d4 cxd4 4. Nxd4 Nc6 5. Nc3 a6 6. Be3 Nf6 7. f3 e6 8. Qd2 Be7 9. 0-0-0 0-0 10. g4 Ne5 11. h4 h6 12. g5 hxg5 13. hxg5 Nh5 14. Rxh5 f6 15. gxf6 Bxf6 16. Qh2 Bd7 17. Rh8+ Kf7 18. Qh5+ Ke7 19. Rxf8 Qxf8 20. f4 Nf7 21. f5 e5 22. Nd5+ Kd8 23. Ne6+ Bxe6 24. fxe6 Nh8 25. Bb6+ Kc8 26. Bh3 Be7 27. Rf1 Bg5+ 28. Kb1 Qg8 29. Qxg5 Qh7 30. Rf8# 1-0

[Event "GER-ch NSV Online 1st"]
[White "Zoellner, Gislain"]
[Black "Schaper, Katharina"]
[Site "Playchess.com INT"]
[Round "4"]
[Result "1-0"]
[Date "2020.04.26"]
[WhiteElo "1620"]
[BlackElo "1545"]
[PlyCount "141"]
[EventDate "2020.04.26"]
[EventType "swiss (blitz)"]
[EventRounds "13"]
[EventCountry "GER"]
[SourceTitle "CBM 196 Extra"]
[Source "ChessBase"]
[SourceDate "2020.07.31"]
[SourceVersion "1"]
[SourceVersionDate "2020.07.31"]
[SourceQuality "1"]

1. e4 c5 2. Nf3 d6 3. Bc4 e6 4. Nc3 Nc6 5. d4 cxd4 6. Nxd4 a6 7. 0-0 Nf6 8. Bg5 Be7 9. Nxc6 bxc6 10. Qd2 0-0 11. Rad1 d5 12. exd5 cxd5 13. Be2 Bb7 14. Bf3 Rc8 15. Qd4 h6 16. Be3 Bc6 17. Qf4 Bd6 18. Qh4 Nh7 19. Qxd8 Rcxd8 20. Ne2 f5 21. Nd4 Bd7 22. c3 e5 23. Nb3 e4 24. Bh5 Be6 25. Bd4 Be7 26. Na5 Rb8 27. Nc6 Rb7 28. b3 Bf6 29. Bxf6 Nxf6 30. Be2 Rc7 31. Ne5 a5 32. c4 dxc4 33. Bxc4 Bxc4 34. Nxc4 Rc5 35. Rd6 Ra8 36. Rfd1 Kh7 37. h3 a4 38. Nb6 Re8 39. Nxa4 Rc2 40. R6d2 Rc7 41. Kf1 f4 42. Re2 Rce7 43. Nc3 e3 44. fxe3 fxe3 45. Nd5 Nxd5 46. Rxd5 Rf7+ 47. Ke1 Rc7 48. Rd3 Rc1+ 49. Rd1 Rc3 50. Rb2 Re5 51. Ke2 Rg5 52. g4 h5 53. Rd3 Rxd3 54. Kxd3 Re5 55. Re2 hxg4 56. hxg4 Kg6 57. Rxe3 Rd5+ 58. Kc3 Ra5 59. a4 Kg5 60. Re4 Ra8 61. Kb4 Rb8+ 62. Ka3 g6 63. a5 Ra8 64. Ka4 Kf6 65. b4 Rb8 66. b5 Rd8 67. a6 Rd1 68. Ka5 Ra1+ 69. Kb6 Rb1 70. a7 Ra1 71. Kb7 1-0

[Event "GER-ch Net Amateur Gr-B Vor3"]
[White "Kosak, Matjaz"]
[Black "Schaper, Katharina"]
[Site "Playchess.com INT"]
[Round "6"]
[Result "1-0"]
[Date "2020.04.16"]
[WhiteElo "1576"]
[BlackElo "1482"]
[PlyCount "49"]
[EventDate "2020.04.16"]
[EventType "swiss (blitz)"]
[EventRounds "9"]
[EventCountry "GER"]
[SourceTitle "CBM 195 Extra"]
[Source "ChessBase"]
[SourceDate "2020.05.31"]
[SourceVersion "1"]
[SourceVersionDate "2020.05.31"]
[SourceQuality "1"]

1. e4 c5 2. Nc3 d6 3. f4 Nc6 4. Nf3 g6 5. Bb5 Bg7 6. 0-0 Bd7 7. d3 Nf6 8. Qe1 0-0 9. Bxc6 Bxc6 10. Qh4 h5 11. h3 Qd7 12. Nh2 Nh7 13. g4 Bf6 14. Qg3 hxg4 15. Nxg4 Bg7 16. f5 Nf6 17. Nxf6+ exf6 18. fxg6 fxg6 19. Rf2 g5 20. h4 Qe7 21. hxg5 fxg5 22. Bxg5 Qe6 23. Raf1 Bd4 24. Bf6+ Kh7 25. Qg7# 1-0

[Event "GER-ch Net Amateur Gr-B Vor3"]
[White "Ullrich, Jan"]
[Black "Schaper, Katharina"]
[Site "Playchess.com INT"]
[Round "7"]
[Result "1-0"]
[Date "2020.04.16"]
[WhiteElo "1543"]
[BlackElo "1467"]
[PlyCount "63"]
[EventDate "2020.04.16"]
[EventType "swiss (blitz)"]
[EventRounds "9"]
[EventCountry "GER"]
[SourceTitle "CBM 195 Extra"]
[Source "ChessBase"]
[SourceDate "2020.05.31"]
[SourceVersion "1"]
[SourceVersionDate "2020.05.31"]
[SourceQuality "1"]

1. e4 c5 2. f4 d6 3. Nf3 Nc6 4. g3 Nf6 5. d3 g6 6. Bg2 Bg7 7. 0-0 0-0 8. c3 Bg4 9. h3 Bxf3 10. Qxf3 Qd7 11. g4 e6 12. Be3 Ne7 13. Nd2 Rac8 14. Kh1 b6 15. c4 Rce8 16. Nb1 a6 17. a4 Nc6 18. Nc3 Nd4 19. Bxd4 cxd4 20. Ne2 e5 21. f5 Re7 22. h4 h5 23. g5 Nh7 24. f6 Bxf6 25. gxf6 Re6 26. Bh3 Rxf6 27. Bxd7 Rxf3 28. Rxf3 Rd8 29. Bc6 Kg7 30. Bd5 Nf6 31. Raf1 Nxd5 32. Rxf7+ 1-0

[Event "Niedersachsen-ch op B"]
[White "Schaper, Katharina"]
[Black "Nordhorn, Horst"]
[Site "Verden"]
[Round "4"]
[Result "0-1"]
[Date "2018.01.05"]
[WhiteElo "1550"]
[BlackElo "1650"]
[PlyCount "66"]
[EventDate "2018.01.04"]
[EventType "swiss"]
[EventRounds "7"]
[EventCountry "GER"]
[SourceTitle "EXT 2022"]
[Source "ChessBase"]
[SourceDate "2021.10.06"]
[SourceVersion "1"]
[SourceVersionDate "2021.10.06"]
[SourceQuality "1"]

1. d4 f5 2. g3 Nf6 3. Bg2 c6 4. c4 d6 5. Nf3 g6 6. 0-0 Bg7 7. Nc3 0-0 8. Re1 Ne4 9. Bf4 Nxc3 10. bxc3 h6 11. h4 Nd7 12. Qb3 e5 13. Bd2 Kh7 14. e4 fxe4 15. Rxe4 Nf6 16. Ree1 e4 17. Nh2 d5 18. Nf1 Ng4 19. Be3 Qf6 20. Re2 Qf7 21. cxd5 cxd5 22. Rc1 Be6 23. Rcc2 Rac8 24. Bf4 Rc6 25. Ne3 Rb6 26. Qa3 Rb1+ 27. Bf1 g5 28. hxg5 Qh5 29. g6+ Kg8 30. f3 exf3 31. Rh2 Nxh2 32. Rxh2 Qxg6 33. Rf2 Rxf4 0-1

[Event "Hannover Bezirk-ch B"]
[White "Schaper, Katharina"]
[Black "Bartel, Reinhard"]
[Site "Lehrte"]
[Round "7.8"]
[Result "0-1"]
[Date "2017.10.31"]
[WhiteElo "1618"]
[BlackElo "1636"]
[PlyCount "91"]
[EventDate "2017.10.28"]
[EventType "swiss"]
[EventRounds "7"]
[EventCountry "GER"]
[SourceTitle "EXT 2022"]
[Source "ChessBase"]
[SourceDate "2021.10.06"]
[SourceVersion "1"]
[SourceVersionDate "2021.10.06"]
[SourceQuality "1"]

1. f4 d5 2. Nf3 g6 3. e3 Bg4 4. Be2 c5 5. 0-0 Bg7 6. Qe1 Nc6 7. a3 Qb6 8. c3 Nf6 9. d4 c4 10. Nbd2 e6 11. Ne5 Bf5 12. Qg3 Ne4 13. Nxe4 Bxe4 14. Bd1 Rd8 15. Qf2 0-0 16. Bc2 Bxc2 17. Qxc2 f5 18. Bd2 Nxe5 19. fxe5 Rf7 20. Be1 Bh6 21. Rf3 Rdf8 22. Rh3 Bg5 23. Bh4 Qd8 24. Bxg5 Qxg5 25. Rf3 Qh4 26. Rh3 Qe4 27. Qxe4 fxe4 28. Rb1 Rf2 29. Rh4 Re2 30. Rf4 Rxe3 31. Rxf8+ Kxf8 32. Kf2 Rd3 33. Ke2 e3 34. b3 Rxc3 35. bxc4 dxc4 36. Rxb7 Rxa3 37. Rc7 Ra4 38. Kxe3 h5 39. h3 a5 40. g4 hxg4 41. hxg4 g5 42. Kd2 Ra2+ 43. Kc3 Rg2 44. Kxc4 Rc2+ 45. Kb5 Rxc7 46. Kxa5 0-1

[Event "Hannover Bezirk-ch B"]
[White "Busch, Hans Hinrich"]
[Black "Schaper, Katharina"]
[Site "Lehrte"]
[Round "6.5"]
[Result "1-0"]
[Date "2017.10.30"]
[WhiteElo "1602"]
[BlackElo "1618"]
[PlyCount "63"]
[EventDate "2017.10.28"]
[EventType "swiss"]
[EventRounds "7"]
[EventCountry "GER"]
[SourceTitle "EXT 2022"]
[Source "ChessBase"]
[SourceDate "2021.10.06"]
[SourceVersion "1"]
[SourceVersionDate "2021.10.06"]
[SourceQuality "1"]

1. c4 e5 2. Nc3 Nf6 3. g3 c6 4. Nf3 d6 5. Bg2 Bf5 6. d3 Nbd7 7. 0-0 Be7 8. b3 0-0 9. Bb2 a6 10. d4 exd4 11. Nxd4 Bg6 12. e4 Ne5 13. f4 Neg4 14. Qd2 h5 15. h3 Nh6 16. Rae1 Nd7 17. Kh2 Re8 18. Bf3 h4 19. g4 f6 20. Ne6 Qc8 21. g5 fxg5 22. fxg5 Nf7 23. Ne2 Nde5 24. N2f4 Kh7 25. Nxg6 Qxe6 26. Nxe7 Nxf3+ 27. Rxf3 Qxe7 28. g6+ Kxg6 29. Rg1+ Ng5 30. Rf5 Kh7 31. Rfxg5 Rg8 32. Rh5# 1-0

[Event "Hannover Ihme Cup"]
[White "Schaper, Katharina"]
[Black "Schmidt, Oliver"]
[Site "Hannover"]
[Round "3.15"]
[Result "1/2-1/2"]
[Date "2017.04.29"]
[WhiteElo "1598"]
[BlackElo "2001"]
[PlyCount "35"]
[EventDate "2017.04.28"]
[EventType "swiss"]
[EventRounds "5"]
[EventCountry "GER"]
[SourceTitle "EXT 2022"]
[Source "ChessBase"]
[SourceDate "2021.10.06"]
[SourceVersion "1"]
[SourceVersionDate "2021.10.06"]
[SourceQuality "1"]

1. d4 Nf6 2. Nf3 e6 3. c4 c5 4. d5 exd5 5. cxd5 d6 6. Bg5 g6 7. Nc3 Bg7 8. e4 0-0 9. Bd3 Re8 10. 0-0 a6 11. a4 Bg4 12. Rb1 Nbd7 13. h3 Bxf3 14. Qxf3 Ne5 15. Qe3 h6 16. Bf4 g5 17. Bxe5 Rxe5 18. f4 1/2-1/2

[Event "Niedersachsen-ch op-C"]
[White "Schaper, Katharina"]
[Black "Mildner, Ramon"]
[Site "Verden"]
[Round "1"]
[Result "0-1"]
[Date "2017.01.05"]
[WhiteElo "1556"]
[BlackElo "1802"]
[PlyCount "62"]
[EventDate "2017.01.05"]
[EventType "swiss"]
[EventRounds "7"]
[EventCountry "GER"]
[SourceTitle "CBM 187 Extra"]
[Source "ChessBase"]
[SourceDate "2018.11.04"]
[SourceVersion "1"]
[SourceVersionDate "2018.11.04"]
[SourceQuality "1"]

1. d4 f5 2. Nf3 Nf6 3. c4 e6 4. Bg5 Be7 5. e3 0-0 6. Bd3 c6 7. 0-0 d5 8. c5 b6 9. b4 a5 10. bxa5 bxc5 11. dxc5 Bxc5 12. Qc2 Bd6 13. Nbd2 c5 14. Bb5 Qxa5 15. a4 Ne4 16. Bf4 Qc7 17. Bxd6 Qxd6 18. Rfd1 Ba6 19. Nc4 Qc7 20. Nce5 g5 21. h3 Qg7 22. g4 fxg4 23. hxg4 Bxb5 24. axb5 Rxa1 25. Rxa1 Rxf3 26. Nxf3 Qxa1+ 27. Kg2 Nd7 28. Qb3 c4 29. Qc2 c3 30. Nd4 Qb2 31. f3 e5 0-1